<?xml version="1.0" encoding="UTF-8"?>
<record
    xmlns:xsi="http://www.w3.org/2001/XMLSchema-instance"
    xsi:schemaLocation="http://www.loc.gov/MARC21/slim http://www.loc.gov/standards/marcxml/schema/MARC21slim.xsd"
    xmlns="http://www.loc.gov/MARC21/slim">

  <leader>00807nam a2200193 a 4500</leader>
  <datafield tag="999" ind1=" " ind2=" ">
    <subfield code="c">7609</subfield>
    <subfield code="d">7609</subfield>
  </datafield>
  <controlfield tag="003">OSt</controlfield>
  <controlfield tag="005">20211227130148.0</controlfield>
  <controlfield tag="008">A00321s1972    sp            000   spa</controlfield>
  <datafield tag="016" ind1=" " ind2=" ">
    <subfield code="a">DL M15966-1974</subfield>
  </datafield>
  <datafield tag="040" ind1=" " ind2=" ">
    <subfield code="b">cat</subfield>
    <subfield code="c">CDMR</subfield>
  </datafield>
  <datafield tag="100" ind1="1" ind2=" ">
    <subfield code="a">V&#xE1;zquez, Jes&#xFA;s Mar&#xED;a</subfield>
    <subfield code="9">1671</subfield>
  </datafield>
  <datafield tag="245" ind1="1" ind2="0">
    <subfield code="a">Estudio sociogr&#xE1;fico de la actual prensa infantil y juvenil en Espa&#xF1;a: [V curso para la obtenci&#xF3;n del diploma en publicaciones infantiles y juveniles, Madrid 12 febrero-8 marzo 1973] / </subfield>
    <subfield code="c">por Jes&#xFA;s Mar&#xED;a V&#xE1;zquez</subfield>
  </datafield>
  <datafield tag="260" ind1=" " ind2=" ">
    <subfield code="a">Madrid : </subfield>
    <subfield code="b">Publicaciones de la Secretar&#xED;a de la Escuela de Periodismo,</subfield>
    <subfield code="c">1974</subfield>
  </datafield>
  <datafield tag="300" ind1=" " ind2=" ">
    <subfield code="a">32 p&#xE0;gines</subfield>
    <subfield code="c">; 22 cm</subfield>
  </datafield>
  <datafield tag="650" ind1="0" ind2="0">
    <subfield code="a">Revistes infantils</subfield>
    <subfield code="9">4166</subfield>
    <subfield code="z">Espanya</subfield>
    <subfield code="y">1973</subfield>
  </datafield>
  <datafield tag="650" ind1="0" ind2="0">
    <subfield code="a">Revistes juvenils</subfield>
    <subfield code="9">4803</subfield>
    <subfield code="z">Espanya</subfield>
    <subfield code="y">1973</subfield>
  </datafield>
  <datafield tag="710" ind1="2" ind2=" ">
    <subfield code="a">Escuela Oficial de Periodismo</subfield>
    <subfield code="9">2816</subfield>
  </datafield>
  <datafield tag="942" ind1=" " ind2=" ">
    <subfield code="2">udc</subfield>
    <subfield code="c">FULLET</subfield>
  </datafield>
  <datafield tag="952" ind1=" " ind2=" ">
    <subfield code="0">0</subfield>
    <subfield code="1">0</subfield>
    <subfield code="4">0</subfield>
    <subfield code="7">0</subfield>
    <subfield code="a">CDMR</subfield>
    <subfield code="b">CDMR</subfield>
    <subfield code="d">2021-12-27</subfield>
    <subfield code="e">Donaci&#xF3;</subfield>
    <subfield code="l">0</subfield>
    <subfield code="o">Bc EOP/9</subfield>
    <subfield code="p">CDMR21120140</subfield>
    <subfield code="r">2021-12-27</subfield>
    <subfield code="w">2021-12-27</subfield>
    <subfield code="y">FULLET</subfield>
  </datafield>
</record>
